000 00312nam a22001097a 4500
008 160428b xxu||||| |||| 00| 0 eng d
020 _a9780323065801
041 _aeng
080 _a618.2
245 1 0 _aMedical surgical nursing:
_cSharon L. Lewis; Shannon Ruff Dirksen; Margaret Mclean Heitkemper;
942 _2udc
_cBK
999 _c1643
_d1643